| 000 | 00645nam a22002057a 4500 | ||
|---|---|---|---|
| 999 |
_c14864 _d14864 |
||
| 003 | AR-CdUCM | ||
| 008 | 190424b ||||| |||| 00| 0 spa d | ||
| 020 | _a978-84-9825-883-7 | ||
| 040 |
_aMUNICIPALIDAD PROVINCIAL DEL CUSCO _cBIBLIOTECA MUNICIPAL DEL CUSCO |
||
| 082 |
_aPI / 803.08 / _bM26 |
||
| 100 |
_aMartí, Meritxell _933816 |
||
| 245 | _aCaperucita roja / | ||
| 260 |
_aBarcelona : _bCombel, _c2014.. |
||
| 300 |
_a8 paginas ; _bIlustraciones plegables, _c20 cm. |
||
| 650 |
_aCaperucita roja _933817 |
||
| 650 |
_aCuentos para niñas (os) _933717 |
||
| 650 |
_aLobo feroz _933818 |
||
| 942 |
_2ddc _cLIBROS |
||
| 945 |
_awnts _d2019-04-24 |
||